| 000 | 01177nam0a2200325 4500 | ||
|---|---|---|---|
| 001 | RU\NLR\BIBL_A\011959449 | ||
| 005 | 20190325095820.0 | ||
| 010 |
_a978-5-907051-89-8 _9116 |
||
| 021 |
_aRU _bКН-П-19-010315 _9КН-П-19-0760 |
||
| 035 | _a(NLR Aleph) 011959449 | ||
| 035 | _a(RuMoRGB)009894697 | ||
| 090 |
_a11195351 _c11195351 |
||
| 100 | _a20190313d2018 c y0rusy50 ca | ||
| 101 | 0 | _arus | |
| 102 | _aRU | ||
| 105 | _aa|||z|||000ay | ||
| 200 | 1 |
_aСказки придворного волшебника Белоручки Оффаникса _e[для детей дошкольного и младшего школьного возраста] _fС. Сафиканов _g[художник: А. Эльцер] |
|
| 210 |
_aМосква _cMaska _d2018 |
||
| 215 |
_a231 с. _cцв. ил. _d22 |
||
| 300 | _aНа обл. авт. не указан | ||
| 686 | 0 | _aШ9(2)60=Р7-2 | |
| 700 | 1 |
_aСафиканов _bС. _gСергей |
|
| 702 | 1 |
_aЭльцер _bА. _4040 |
|
| 942 | _cBOOK | ||
| 980 | _aNBR | ||
| 980 | _aNB | ||